000 nam a22 7a 4500
999 _c7659
_d7659
008 170926b xxu||||| |||| 00| 0 eng d
100 _94151
_aLewis.C.S.
245 _aThe Horse & His Baby
260 _aNewyork
_bHarper
_c2000